| 000 | 00783nam a2200193 a 4500 | ||
|---|---|---|---|
| 003 | 0 | ||
| 005 | 20250618105843.0 | ||
| 008 | 021125s19uu xx 00 eng d | ||
| 050 |
_aPHS LB 1027.23 _b.M33 2000 |
||
| 100 | _aMadamba, Miriam P. | ||
| 245 |
_aPerception of high school students, sy 1999-2000 on the effects of the teachers' projection on the learning of students / _cMiriam P. Madamba. |
||
| 260 |
_aLas PiƱas City, Philippines : _bSouthville International School and Colleges, _c2000. |
||
| 300 |
_a30 pages : _billustrations ; _c28 cm. |
||
| 650 |
_aTeacher effectiveness _zPhilippines. |
||
| 650 |
_aTeaching _xPsychological aspects. |
||
| 650 |
_aTeacher-student relationships _zPhilippines. |
||
| 650 |
_aCommunication in education _zPhilippines. |
||
| 942 |
_2lcc _cPASS |
||
| 999 |
_c96368 _d96368 |
||